00182nam a2200073Ia 4500008004100000100001200041245003300053260002200086190216s9999||||xx |||||||||||||| ||und|| aTyler F 0aLaboratory Manual Of Physics bEdward Arnold Ltd